Cuando era feliz e indocumentado

Tallennettuna:
Bibliografiset tiedot
Päätekijä: García Márquez, Gabriel (Tekijä)
Aineistotyyppi: Kirja
Kieli:espanja
Julkaistu: Barcelona Plaza & Janés 1979
Painos:6a. ed
Aiheet:
Tagit: Lisää tagi
Ei tageja, Lisää ensimmäinen tagi!

MARC

LEADER 00000nam a2200000 a 4500
001 UCQ6457
003 CL-VaPUC
008 981016e19790000SP |||||||||||||||||spa|d
082 0 4 |a Co864  |b GAR  |2 21 
100 0 |a García Márquez, Gabriel  |e author  |9 318478 
245 1 0 |a Cuando era feliz e indocumentado 
250 |a 6a. ed 
300 |a 157 p 
942 |c BK 
945 |d 19981016 00:00:00  |a crobeson 
260 |a Barcelona  |b Plaza & Janés  |c 1979 
650 7 |a ENSAYOS COLOMBIANOS  |2 CL-VaPUC  |9 344240 
650 0 |a Literatura colombiana   |9 315578 
583 |a last modification  |c 19981016 00:00:00  |k Rodrigo Vera 
999 |c 276414  |d 276412 
952 |0 0  |1 0  |4 0  |6 CO_864_000000000000000_GAR_1979  |7 0  |8 A  |9 313630  |a BIBEDU  |b BIBEDU  |d 2019-11-20  |i 1481835  |o Co864 GAR 1979  |p 1481835  |r 2019-11-20  |w 2019-11-20  |y BK  |k LIT